The history and antiquities of the county of Northampton (Record no. 114074)
[ view plain ]
| 000 -LEADER | |
|---|---|
| fixed length control field | 01100cam a22001935a 4500 |
| 001 - CONTROL NUMBER | |
| control field | L156170 |
| 008 - FIXED-LENGTH DATA ELEMENTS--GENERAL INFORMATION | |
| fixed length control field | 120502m18221841xxk f 000 0 eng d |
| 035 ## - SYSTEM CONTROL NUMBER | |
| System control number | (Sirsi) u156170 |
| 041 0# - LANGUAGE CODE | |
| Language code of text/sound track or separate title | eng |
| 100 1# - MAIN ENTRY--PERSONAL NAME | |
| Personal name | Baker, George |
| Dates associated with a name | 1781-1851 |
| 245 04 - TITLE STATEMENT | |
| Title | The history and antiquities of the county of Northampton |
| 260 ## - PUBLICATION, DISTRIBUTION, ETC. | |
| Place of publication, distribution, etc. | London |
| Name of publisher, distributor, etc. | Published by John Bowyer Nichols and Son, ... and John Rodwell ... |
| Date of publication, distribution, etc. | 1822 |
| 300 ## - PHYSICAL DESCRIPTION | |
| Extent | 2 v. |
| Other physical details | ill., coats of arms, facsims., geneal. tables, ports |
| Dimensions | fol. |
| 520 ## - SUMMARY, ETC. | |
| Summary, etc. | Originally issued in parts between 1822 and 1841 (some copies include the preliminary leaves issued with individual parts, which were intended to be discarded by the binder). The work was not completed as planned, and copies are usually bound up with the title-leaf and dedication from the first part at the beginning of vol. 2 (cf. Nash et al.). Thus the title-page for vol. 2 usually bears the imprint of John Nichols and Son and Rodwell and Martin, dated 1822. |
| 583 0# - ACTION NOTE | |
| Action | Condition reviewed |
| Time/date of action | 20120620 |
| Status | condition level 2 and 2 |
| 651 #4 - SUBJECT ADDED ENTRY--GEOGRAPHIC NAME | |
| Geographic name | England |
| Chronological subdivision | 886- |
| 690 ## - LOCAL SUBJECT ADDED ENTRY--TOPICAL TERM (OCLC, RLIN) | |
| Topical term or geographic name as entry element | Rural |
| 9 (RLIN) | 6268 |
| 942 ## - ADDED ENTRY ELEMENTS (KOHA) | |
| Suppress in OPAC | 0 |
| Withdrawn status | Lost status | Source of classification or shelving scheme | Damaged status | Not for loan | Home library | Current library | Shelving location | Date acquired | Total Checkouts | Full call number | Barcode | Date last seen | Copy number | Price effective from | Koha item type |
|---|---|---|---|---|---|---|---|---|---|---|---|---|---|---|---|
| Dewey Decimal Classification | Historic collection | Historic collection | Historic collection | 02/05/2012 | FOLIO 1822 BAKER VOL. 2 | 30077545 | 06/08/2019 | 1 | 06/08/2019 | Book | |||||
| Dewey Decimal Classification | Historic collection | Historic collection | Historic collection | 02/05/2012 | FOLIO 1822 BAKER VOL. 1 | 30077549 | 06/08/2019 | 1 | 06/08/2019 | Book |